| 000 | 00974cad a22002175a 4500 | ||
|---|---|---|---|
| 001 | L157883 | ||
| 008 | 120214s2012 xxk 000 0 eng d | ||
| 035 | _a(Sirsi) u157883 | ||
| 041 | 0 | _aeng | |
| 050 | _a338.47624 $2 18 | ||
| 110 | 2 |
_aRoyal Institution of Chartered Surveyors _bEconomics _95033 |
|
| 245 | 0 | 0 |
_aRICS construction market survey _bUnited Kingdom, first quarter 2013 _h[electronic resource] |
| 260 |
_aLondon _bRICS _c2013 |
||
| 490 |
_aRICS Construction Market Survey United Kingdom _vFirst Quarter 2013 |
||
| 520 | _aMore professionals in the construction sector saw workloads rise than at any time since the end of 2007, says the latest RICS UK Construction Market Survey. | ||
| 590 | _aKA | ||
| 651 | 4 |
_aUnited Kingdom _y |
|
| 690 |
_aConstruction management _96230 |
||
| 856 | 4 | 0 |
_uhttps://www.rics.org/uk/knowledge/news-insight/press-releases/construction-professionals-point-to-upturn-/ _zView the report free of charge at www.rics.org. |
| 942 | _n0 | ||
| 999 |
_c115012 _d115012 |
||